| 000 | 02146nam a2200361 i 4500 | ||
|---|---|---|---|
| 003 | DO-SdBNP | ||
| 005 | 20260114121206.0 | ||
| 006 | a||||gr|||| 00| 0 | ||
| 007 | ta | ||
| 008 | 230913e19741977|||adb|| |||| 00| 0 spa d | ||
| 040 |
_aDO-SdBNP _bspa _cBNPHU _erda |
||
| 082 | 4 |
_222 _a370.114 _bA445e, 1976 |
|
| 100 | 1 |
_aAlmanzar G., José Nicolás, _d1935- _937769 _eautor |
|
| 245 | 1 | 0 |
_aEducación moral y cívica. / _cJosé Nicolás Almánzar. |
| 250 | _a2a. edición | ||
| 264 | 1 |
_aSanto Domingo : _bColegial Quisqueyana, S. A. ; _c1977 |
|
| 300 |
_a[XVII], 298 páginas : _bIlustraciones, gráficas, mapas ; _c20 cm. |
||
| 336 |
_2rdacontent _atexto _btxt |
||
| 337 |
_2rdamedia _asin mediación _bn |
||
| 338 |
_2rdacarrier _avolumen _bnc |
||
| 490 |
_aPensamiento Dominicano ; _v31 |
||
| 500 | _aDeclarado como libro de texto por el Consejo Nacional de Educación mediante Resolución no. 175 en mayo de 1975. Ganó en 1975 el Premio Nacional de didáctica "Manuel de Jesús Peña y Reinoso". | ||
| 500 | _aIncluye datos biográficos en la página [3]. | ||
| 500 | _aIncluye bibliografía y notas al pie de páginas/ | ||
| 505 |
_aBernardo Pichardo, Noticias Biográficas.-- Advertencia. _gResumen de la Historia de Santo Domingo. |
||
| 505 |
_aCapítulo I.- Descubrimiento de América por Cristóbal Colón. _tCapítulo II.- El primer viaje de Colón.-- Capítulo III.- Descubrimiento de nuestra Isla.-- Capítulo IV.- Estado de la Isla en los días de su descubrimiento y costumbres de sus habitantes.-- Capítulo V.- Conquista.-- Capítulo VI.- Viaje de Colón al interior.-- VII.- Alonso de Ojeda y Caonabo.-- VIII.- Regreso del Almirante a España.-- Capítulo IX.- El primer Almirante vuelve de Europa.-- Capítulo X.- Cuarto y último viaje del Almirante.-- Capítulo XI- Estado de la Colonia.-- Capítulo XII.- Gobierno de D. Diego Colón.-- XIII. Sucesos Importantes.- |
||
| 590 | _aInventariado 2023 / MF | ||
| 650 | 0 |
_aEducación cívica _91206 |
|
| 650 | 0 |
_aEducación moral _91607 |
|
| 650 | 4 |
_aHimnos patrióticos dominicanos _92512 |
|
| 651 | 0 |
_aRepública Dominicana _xPolítica y gobierno _945 |
|
| 942 |
_2ddc _cLBS1 |
||
| 999 |
_c54737 _d54737 |
||